Geography Quiz

Random Geography or Flags Quiz

US State Flags Quiz Stats

 Plays Quiz Updated Nov 30, 2017

Score 0/50 Timer 10:00
59 Plays Today
State % Correct
California
89.2%
Texas
86.7%
Colorado
75.9%
Washington
74.7%
Arkansas
74.6%
Alaska
72.7%
Oklahoma
72.3%
Maryland
72.3%
New Mexico
70.8%
Arizona
70.3%
Oregon
69.7%
Montana
68.7%
South Carolina
68.5%
North Carolina
68.4%
Iowa
68.3%
Wyoming
68.3%
Mississippi
67.7%
Kansas
67.7%
Wisconsin
64.2%
Alabama
60.9%
Hawaii
59%
Ohio
58.7%
South Dakota
56.5%
Illinois
55.3%
Florida
53.3%
State % Correct
Rhode Island
52.3%
Tennessee
50.2%
Louisiana
50%
Indiana
47.2%
New York
46.9%
Georgia
42.9%
New Jersey
40.3%
Massachusetts
38.9%
Virginia
38.7%
Vermont
38.7%
Michigan
38.4%
Delaware
38.3%
Pennsylvania
38.3%
Connecticut
37.2%
Maine
37.1%
Nevada
36.9%
Missouri
35.6%
Utah
35.2%
North Dakota
34.6%
Kentucky
33.9%
New Hampshire
33.4%
West Virginia
33.2%
Nebraska
33%
Minnesota
32.9%
Idaho
32%

You're not logged in!

Compare scores with friends on all Sporcle quizzes.
OR
Log In

Sporcle TV

Today on Sporcle TV


Watch our educational content, quiz creation guides, and fun videos on Sporcle TV.

Show Comments

Extras

Top Quizzes Today


Score Distribution

Your Account Isn't Verified!

In order to create a playlist on Sporcle, you need to verify the email address you used during registration. Go to your Sporcle Settings to finish the process.

Report this User

Report this user for behavior that violates our Community Guidelines.

Details: